Bilder og flagg fra den kalde krigen - Statistics

General Stats
  • This quiz has been taken 172 times
    122 since last reset
  • The average score is 16 of 25
Answer Stats
Picture Hint Answer % Correct
USAs rival som supermakt Sovjetunionen
97%
Folkerepublikken (kommunistisk siden 1949) Kina
93%
Forsvarsalliansen til USA, Canada og allierte i Europa siden 1949 NATO
93%
Dette landets ideologi Kommunisme (marxisme-leninisme)
90%
Ca. 25.000 amerikanske soldater er stasjonert her i dag Sør-Korea
86%
Der overgangen Checkpoint Charlie lå Berlin (delt i Vest og Øst)
83%
Diktatorene Kim Il-sung, Kim Jong-il, Kim Jong-un Nord-Korea
83%
Østblokk-land som USSR invaderte i 1956 Ungarn
83%
Kommunistisk siden revolusjonen til Fidel Castro, 1959 Cuba
79%
Kommunistisk såkalt Demokratisk Republikk Øst-Tyskland
79%
Den verste krigen for USA siden WWII Vietnamkrigen
79%
Bygd i 1961 for å hindre østtyskere fra å flykte Berlinmuren
76%
Da verden var nær atomkrig i oktober 1962 Cubakrisen
69%
Kommunistland der USSR kriget mot islamister, 1979-89 Afghanistan
62%
USSR sjokkerte USA i 1957 ved å sende opp Sputnik-satellitten
62%
Østblokkens forsvarsallianse Warszawa-pakten
62%
Kommunismens fall huskes best for Berlinmurens fall (november 1989)
52%
Tusen ganger sterkere enn gamle atomvåpen, først testet i 1952 H-bombe (hydrogenbombe/thermo-nuclear)
45%
Kjent for folkemordet under Pol Pot, 1975-78 Kambodsja
45%
Kommunistland USA var i krig mot inntil de inngikk fred i 1973 Nord-Vietnam (Vietnam i dag)
45%
Anti-kommunistisk land som ble erobret i 1975 Sør-Vietnam
45%
Kommunistisk gerilja som USA kriget mot i Sør-Vietnam Viet Cong
41%
Hvis ett land blir kommunistisk, blir flere det Domino-teorien
31%
Rakett som kan gå ut i rommet og rundt planeten ICBM (interkontinental ballistisk missil)
28%
De islamistiske krigerne som slo USSR Mujahedín
24%
No matching quizzes found
Score Distribution
Percent of People with Each Score
Percentile by Number Answered
Your Score History
You have not taken this quiz since the last reset